000 01351nam a2200325Ia 4500
001 ebr10380745
003 CaPaEBR
006 m u
007 cr cn|||||||||
008 060406s2006 dcua s i000 0 eng d
040 _aCaPaEBR
_cCaPaEBR
035 _a(OCoLC)698585618
050 1 4 _aHC175
_b.B36 2006eb
245 0 0 _aBanks during the Argentine crisis
_h[electronic resource] :
_bwere they all hurt equally? : did they all behave equally? /
_cprepared by Adolfo Barajas ... [et al.].
260 _a[Washington, D.C.] :
_bInternational Monetary Fund, IMF Institute,
_c2006.
300 _a40 p. :
_bill.
490 1 _aIMF working paper ;
_vWP/06/42
500 _a"February 2006."
533 _aElectronic reproduction.
_bPalo Alto, Calif. :
_cebrary,
_d2011.
_nAvailable via World Wide Web.
_nAccess may be limited to ebrary affiliated libraries.
650 0 _aBanks and banking
_zArgentina.
650 0 _aBank failures
_zArgentina.
650 0 _aFinancial crises
_zArgentina.
655 7 _aElectronic books.
_2local
700 1 _aBarajas, Adolfo.
710 2 _aInternational Monetary Fund.
710 2 _aIMF Institute.
710 2 _aebrary, Inc.
830 0 _aIMF working paper ;
_vWP/06/42.
856 4 0 _uhttp://site.ebrary.com/lib/rucke/Doc?id=10380745
_zAn electronic book accessible through the World Wide Web; click to view
999 _c102749
_d102749